Buzby : (Record no. 176069)

MARC details
000 -CABECERA
campo de control de longitud fija 00770nam a2200253 u 4500
005 - FECHA Y HORA DE LA ÚLTIMA TRANSACCIÓN
campo de control 20221126064839.0
008 - ELEMENTOS DE LONGITUD FIJA--INFORMACIÓN GENERAL
campo de control de longitud fija 150601s2004 r 000 0 eng d
020 ## - NÚMERO INTERNACIONAL NORMALIZADO PARA LIBROS
Número Internacional Estándar del Libro 0881138649
035 ## - NÚMERO DE CONTROL DEL SISTEMA
Número de control de sistema UPN01000203968
040 ## - FUENTE DE LA CATALOGACIÓN
Centro catalogador/agencia de origen UPN
Lengua de catalogación spa
Centro/agencia transcriptor UPN
049 ## - COLECCIÓN
Colección I
050 #4 - SIGNATURA TOPOGRÁFICA DE LA BIBLIOTECA DEL CONGRESO
Número de clasificación PZ76.3
Número de documento/Ítem S3.28
100 1# - ASIENTO PRINCIPAL--NOMBRE PERSONAL
Nombre de persona Schmidt, Troy,
Fechas asociadas al nombre 1962-
9 (RLIN) 37625
245 10 - MENCIÓN DE TÍTULO
Título Buzby :
Resto del título la abeja mal portada /
Mención de responsabilidad, etc. Troy Schmidt.
260 ## - PUBLICACIÓN, DISTRIBUCIÓN, ETC.
Lugar de publicación, distribución, etc. Nashville, E.U.A. :
Nombre del editor, distribuidor, etc. Caribe-Betania,
Fecha de publicación, distribución, etc. 2004.
300 ## - DESCRIPCIÓN FÍSICA
Extensión [48] p. :
Otras características físicas il. col.
440 #0 - MENCIÓN DE SERIE/ASIENTO SECUNDARIO--TÍTULO
Título Max lucado.
Nombre de parte o sección de la obra Hermie y sus amigos
534 ## - NOTA SOBRE LA VERSIÓN ORIGINAL
Frase introductoria Titulo original:
Mención de título del original Buzby, the misbehaving bee
650 #7 - ASIENTO SECUNDARIO DE MATERIA - TERMINO TEMATICO
Término de materia o nombre geográfico como elemento de entrada Abejas
Subdivisión de forma Cuentos y leyendas
9 (RLIN) 16030
650 #7 - ASIENTO SECUNDARIO DE MATERIA - TERMINO TEMATICO
Término de materia o nombre geográfico como elemento de entrada Libros ilustrados para niños
9 (RLIN) 21365
905 ## - TIPO DE MATERIAL
Tipo de material Infantil
942 ## - ELEMENTOS DE PUNTO DE ACCESO ADICIONAL (KOHA)
Fuente del sistema de clasificación o colocación Library of Congress Classification
Tipo de ítem Koha Libro
Holdings
Estado de retiro Estado de pérdida Fuente del sistema de clasificación o colocación Estado dañado No para préstamo Código de colección Localización permanente Ubicación/localización actual Ubicación en estantería Fecha de adquisición Total de préstamos Clasificación Código de barras Fecha visto por última vez Número de copia Tipo de ítem Koha
    Library of Congress Classification     Infantil Bib. Gregorio Torres Quintero Bib. Gregorio Torres Quintero Sala infantil Planta baja 10/05/2023 4 PZ76.3 S3.28 304959 31/12/2020 1 Libro